00803nam a2200241 i 4500001001000000003000900010005001700019007000300036008004100039020001800080040003000098041000800128082001900136100004300155245007400198264004700272300004500319336002700364337003300391338002800424500007000452504003900522000043491DO-SdBNP20250818101341.0ta140319s2014 dr a 000 0 spa d a9789993445180 aDO-SdBNPbspacBNPHUerda aspa 4axxxbG216d2221 aGarcía Molina, Bartolo,eautor4aut.13aEl Discurso :bcategorías y estrategias /cBartolo García Molina. 4aSanto Domingo :bEditorial Surco,c©2014. a214 páginas :bilustraciones ;c23 cm. atextobtxt2rdacontent asin mediaciónbn2rdamedia avolumenbnc2rdacarrier aIncluye datos biografícos del autor en la solapa de la cubierta aBibliografía : páginas 203-214